LEADER 01196cam0-2200313---450- 001 990004247450403321 005 20121019105154.0 035 $a000424745 035 $aFED01000424745 035 $a(Aleph)000424745FED01 035 $a000424745 100 $a19990604d1900----km-y0itay50------ba 101 0 $aita 102 $aIT 105 $af-------001yy 200 1 $a<>R. Accademia di scienze e belle lettere fondata in Napoli nel 1778$ememoria letta all'Accademia Pontaniana nelle Giornate del 20 Maggio e 1 luglio 1900 dal socio corrispondente Giovanni Beltrani 210 $aNapoli$cstab. tip. nella R. Università di Alfonso Tessitore e figlio$d1900 215 $a118 p., [1] c. di tav.$d27 cm 225 1 $aAtti dell'Accademia Pontaniana 300 $aEstr. da: Atti dell'Accademia Pontaniana, v. XXX. 610 0 $aNapoli$aReale Accademia di scienze e belle lettere 700 1$aBeltrani,$bGiovanni$f<1848-1932>$079457 801 0$aIT$bUNINA$gREICAT$2UNIMARC 901 $aBK 912 $a990004247450403321 952 $a001.209 BEL 1$b2374$fFLFBC 959 $aFLFBC 996 $aR. Accademia di scienze e belle lettere fondata in Napoli nel 1778$9480145 997 $aUNINA LEADER 01122nam0-22003131i-450- 001 990007436170403321 005 20141202133154.0 035 $a000743617 035 $aFED01000743617 035 $a(Aleph)000743617FED01 035 $a000743617 100 $a20030523d1978----km-y0itay50------ba 101 0 $aita 102 $aIT 105 $ay---n---101yy 200 1 $a<>decreti delegati sulla scuola$eil personale, le regioni, contributi dell'Istituto al Convegno Organi collegiali della scuola e amministrazioni pubbliche, organizzato dall'Istituto italiano di studi legislativi$eRoma, Palazzo Barberini, 16-17 dicembre 1976 210 $aMilano$cGiuffrè$d1978 215 $a276 p.$d25 cm 225 1 $aPubblicazioni dell'Istituto di diritto pubblico$fUniversità degli studi di Messina, Facoltà di economia e commercio 676 $a371$v20$zita 801 0$aIT$bUNINA$gRICA$2UNIMARC 901 $aBK 912 $a990007436170403321 952 $aXXVI 23 CC$fDDCIC 952 $aVI B 313$b3431$fDDA 959 $aDDA 959 $aDDCIC 996 $aDecreti delegati sulla scuola$9678145 997 $aUNINA